| 000 | 00944nam a2200289Ia 4500 | ||
|---|---|---|---|
| 003 | OSt | ||
| 005 | 20250221100207.0 | ||
| 008 | 210716s2018 xx 000 0 und d | ||
| 020 | _a9781788395809 | ||
| 040 | _cAIMIT LIBRARY | ||
| 041 | _aeng | ||
| 082 |
_a005.7402 _21 _bAPPK |
||
| 100 |
_aAppigatle, Karthik. _9201399 |
||
| 245 |
_aMysql 8 cookbook: _bover 150 recipes for high performance database querying and administration / _cBy Karthik Appigatla. |
||
| 250 | _a1st ed. | ||
| 260 |
_aMumbai : _bPackt Publishing Ltd , _c2018. |
||
| 300 |
_axii,425 p.; _bPB _c24.5 cm. |
||
| 650 |
_aMy sql 8 installing and upgrading _9201400 |
||
| 650 |
_aUsing mysql _9201414 |
||
| 650 |
_aConfiguring mysql _9201415 |
||
| 650 |
_aTransactions _9201416 |
||
| 650 |
_aUsing mysql _9201414 |
||
| 650 |
_aBinary logging _9201417 |
||
| 650 |
_aRestoring data _9201418 |
||
| 650 |
_aManaging tablespace _9201419 |
||
| 942 |
_2ddc _cBK _k005.7402 APPK |
||
| 999 |
_c196838 _d196838 |
||